000
00231nam a2200085Ia 4500
245
0
_a
The fox and the raven
100
_a
ADENEY, Anne Harlow, England, 2003
_9
78744
942
_c
BK
008
210817s9999 xx 000 0 und d
999
_c
272664
_d
272663